Welche Grenze ist länger? - Statistiken

Allgemein
  • Dieses Quiz wurde 65 mal gespielt
  • Das Durchschnittsergebnis liegt bei 6 aus 10
Antwortstatistiken
Frage Antwort % Korrekt
Frage 6 Chile - Peru
100%
Frage 7 Deutschland - Tschechien
94%
Frage 9 Indien - Pakistan
76%
Frage 1 Guinea - Sierra Leone
71%
Frage 3 China - Mongolei
59%
Frage 8 Dänemark - Deutschland
59%
Frage 5 Mali - Mauretanien
47%
Frage 10 Lesotho - Südafrika
29%
Frage 4 Botswana - Südafrika
18%
Frage 2 Jemen - Saudi-Arabien
18%
Keine übereinstimmenden Quizze gefunden
Verteilung der Resultate
Anzahl Personen mit jedem Resultat
Perzentil nach korrekt beantworteten Fragen
Ihre Resultats-Entwicklung
Sie haben dieses Quiz noch nicht gespielt